000 004800000a22001690004500
041 0 _aENG
082 0 4 _aG 284 A5451p
100 1 _aAnderson, William K.
245 1 0 _aProtestantism : A symposium / William K. Anderson
260 _aNashville, TN., USA : Commission on Courses of Study the Methodist Church
300 _a282 Pag
001 8746
942 _cBK
999 _c38866
_d38866
336 _atexto
_btxt
_2rdacontent
337 _2rdamedia
_asin mediación
_bn
338 _2rdacarrier
_avolumen
_bnc